Statistics for Top 10 Liverpool Goalscorers

Click here to take the quiz!

General Stats

  • This quiz has been taken 33,741 times
    (15,380 since last reset)
  • The average score is 5 of 10

Answer Stats

# GoalsCareerPlayer% Correct
2112017–Mohamed Salah
96%
1861998–2015 Steven Gerrard
90%
3461980–1987, 1988–1996Ian Rush
67%
1581996–2004 Michael Owen
63%
1721977–1990 Kenny Dalglish
55%
1831993–2001, 2006-2007Robbie Fowler
52%
2861958–1969 Roger Hunt
18%
2281938–1961 Billy Liddell
10%
2411925–1936 Gordon Hodgson
7%
1511915–1928 Harry Chambers
6%

Score Distribution

Percentile by Number Answered

Percent of People with Each Score

Your Score History

You have not taken this quiz since the last reset